| 000 | 00491nam a2200169 a 4500 | ||
|---|---|---|---|
| 005 | 20140412111338.0 | ||
| 008 | 031007s19uu xx 00 eng d | ||
| 020 | _a0-439-09847-5 | ||
| 050 |
_aTR(GS 808.81 _bF844 2000 |
||
| 100 | _aFranco, Betsy | ||
| 245 |
_aThematic poetry: On the farm / _cby Betsy Franco. |
||
| 260 |
_aNew York : _bScholastic Professional Books, _c2000. |
||
| 440 | _aScholastic (K-5) | ||
| 650 | _aCollection of poetry | ||
| 650 | _aFarm--Poetry | ||
| 999 |
_c105079 _d105079 |
||